El caballero de olmedo [castalia] /
Guardado en:
| Autor Principal: | |
|---|---|
| Formato: | Libro |
| Publicado: |
Madrid :
Castalia,
1970
|
| Materias: | |
| Etiquetas: |
Agregar Etiqueta
Sin Etiquetas, Sea el primero en etiquetar este registro!
|
| LEADER | 00490nam a22001575a 4500 | ||
|---|---|---|---|
| 001 | EHU.bham008157 | ||
| 003 | AR-BHAM | ||
| 005 | 20100106135742.0 | ||
| 008 | 130507s1970##################000#0#####d | ||
| 082 | 8 | 6 | |a 862.3 |
| 100 | 1 | |a Vega Carpio, Lope Felix De | |
| 245 | 1 | 0 | |a El caballero de olmedo [castalia] / |c Lope Felix De Vega Carpio. |
| 260 | |a Madrid : |b Castalia, |c 1970 | ||
| 300 | |a 164 p. | ||
| 653 | |a Teatro espaÑol-1517-1700 | ||
| 859 | |a AR-BHAM |b BIB. HUMANIDADES - General |h 862.3 |i V522-7 |p 99149.73 |t Ej.1 | ||
